000 00841nam a2200253Ia 4500
005 20240530104246.0
008 140319s xx 000 0 ara d
040 _aGCL /
_cGCL
082 0 4 _a515 /
_bع م
100 1 _aعبدالعزيز فهمى هيكل
245 1 0 _aمبادئ الرياضة البحتة /
_cعبدالعزيز فهمى هيكل
250 _aالثانية
260 _aبيروت :
_bدار النهضة العربية،
_cد . ت
300 _a315 ص؛
_c24 سم
650 0 4 _aالتحليل الرياضى
650 0 4 _aالجبر
650 0 4 _aالرياضيات
650 0 4 _aاللوغاريتمات
650 0 4 _aالاحتمالات
650 0 4 _aالبرمجة الخطية
650 0 4 _aالتباديل والتوافيق
942 _2ddc
_cBK
999 _c45926
_d45926